Central Library OPAC University of Rajshahi

Breakthrough to tomorrow : (Record no. 45454)

MARC details
000 -LEADER
fixed length control field 00831nam a2200229 a 4500
001 - CONTROL NUMBER
control field 45454
003 - CONTROL NUMBER IDENTIFIER
rucl marc code BD-RjUL
005 - DATE AND TIME OF LATEST TRANSACTION
control field 20211209054021.0
008 - FIXED-LENGTH DATA ELEMENTS--GENERAL INFORMATION
fixed length control field 160726s1970 nyu b 00000 eng
035 ## - SYSTEM CONTROL NUMBER
System control number (BD-RjUL)45572
040 ## - CATALOGING SOURCE
Original cataloging agency BD-RjUL
Language of cataloging eng
Transcribing agency BD-RjUL
Modifying agency BD-RjUL
041 ## - LANGUAGE CODE
Language code of text/sound track or separate title eng
082 ## - DEWEY DECIMAL CLASSIFICATION NUMBER
Classification number 338.91
Edition number 23
Author mark and year DUB 1970
100 1# - MAIN ENTRY--PERSONAL NAME
Personal name Duckworth-Barker, Vernon,
Dates associated with a name 1908-
9 (RLIN) 139164
245 10 - TITLE STATEMENT
Title Breakthrough to tomorrow :
Remainder of title the story of international co-operation for development through the United Nations /
Statement of responsibility, etc. Vernon Duckworth-Barker
260 0# - PUBLICATION, DISTRIBUTION, ETC. (IMPRINT)
Place of publication, distribution, etc. New York :
Name of publisher, distributor, etc. United Nations,
Date of publication, distribution, etc. 1970.
300 ## - PHYSICAL DESCRIPTION
Pagination iii, 70 p. ;
Size 21 cm.
500 ## - GENERAL NOTE
General note United Nations Center for Economic and Social Information.
651 ## - SUBJECT ADDED ENTRY--GEOGRAPHIC NAME
Geographic name United Nations
Form subdivision Technical assistance.
9 (RLIN) 139165
Geographic name United Nations
Form subdivision Economic assistance.
9 (RLIN) 139166
942 ## - ADDED ENTRY ELEMENTS (KOHA)
Source of classification or shelving scheme Dewey Decimal Classification
Koha item type Books
Holdings
Lost status Source of classification or shelving scheme Damaged status Not for loan Collection code Permanent Location Current Location Shelving location Date acquired Source of acquisition Cost, normal purchase price Total Checkouts Full call number Date last seen Copy number Koha item type
  Dewey Decimal Classification     Non-fiction Central Library, University of Rajshahi Central Library, University of Rajshahi   06/03/1974 Gono Pakistani, Dacca. 12.00   338.91 DUB 1970 26/07/2016 C-2 Books
  Dewey Decimal Classification     Non-fiction Central Library, University of Rajshahi Central Library, University of Rajshahi   06/03/1974 Gono Pakistani, Dacca. 12.00   338.91 DUB 1970 26/07/2016 C-3 Books
  Dewey Decimal Classification     Non-fiction Central Library, University of Rajshahi Central Library, University of Rajshahi   06/03/1974 Gono Pakistani, Dacca. 12.00   338.91 DUB 1970 26/07/2016 C-4 Books
  Dewey Decimal Classification     Non-fiction Central Library, University of Rajshahi Central Library, University of Rajshahi   06/03/1974 Gono Pakistani, Dacca. 12.00   338.91 DUB 1970 26/07/2016 C-5 Books
  Dewey Decimal Classification     Non-fiction Central Library, University of Rajshahi Central Library, University of Rajshahi   06/03/1974 Gono Pakistani, Dacca. 12.00   338.91 DUB 1970 26/07/2016 C-6 Books